00253nam a2200109Ia 4500008004100000041001200041100001100053245005100064250001300115260000900128650000600137221030s9999 xx 000 0 und d aEnglish aJ. das 0aPrinciples of Digital Communicationcby J. das aJAN 2016 c2016 aB